000 00215nam a2200097Ia 4500
008 190216s9999||||xx |||||||||||||| ||und||
100 _aAadharsha Kumari
245 0 _aHindi-Surabhi
260 _bRama Pub
942 _cBK
999 _c15570
_d15570